000 00703nam a2200217 a 4500
005 20220604063855.0
008 031001s2001 es r 000 0 spa d
020 _a842642323X
035 _aUPN01000144098
049 _aCG
050 4 _aPN3401
_bC6.6
245 0 0 _aCinco mujeres locas /
_cNathaniel Hawthorne ... [et al.] ; ed. e introduc. Miguel Berga ; tr. Jofre Homedes Beutnagel.
260 _aBarcelona, Esp.:
_bLumen,
_c2001.
300 _a143 p.
440 0 _aPocas palabras ;
_v23
534 _pTraducción de:
_tJofre homedes beutnagel
650 7 _aMujeres en la literatura
_2
_92269
650 2 _aAutoras
_92270
700 1 _aHawthorne, Nathaniel,
_d1804-1864,
_ecoaut.
905 _aLibro
999 _c116245
_d116245